000 00351nam a2200121 4500
999 _c14043
_d14043
008 190730b ||||| |||| 00| 0 eng d
100 _939038
_aPareño, Roel
245 _aArmy uncovers maute terror plot/
_cRoel Pareño
260 _aPhilippines:
_bThe Philippine Star;
_cc2019.
300 _apage 16.
650 0 _939039
_aTerrorism.
942 _2ddc
_cPER